The Tipping point : (Record no. 363205)
[ view plain ]
| 000 -LEADER | |
|---|---|
| fixed length control field | 00735nam a2200253Ia 4500 |
| 008 - FIXED-LENGTH DATA ELEMENTS--GENERAL INFORMATION | |
| fixed length control field | 200601s9999 xx 000 0 und d |
| 020 ## - INTERNATIONAL STANDARD BOOK NUMBER | |
| International Standard Book Number | 978-0-316-57907-7 |
| 050 ## - LIBRARY OF CONGRESS CALL NUMBER | |
| Classification number | MAIN HM 1033 |
| 050 ## - LIBRARY OF CONGRESS CALL NUMBER | |
| Item number | .G53 2000 |
| 100 ## - MAIN ENTRY--PERSONAL NAME | |
| Personal name | Gladwell, Malcolm. |
| 245 #4 - TITLE STATEMENT | |
| Title | The Tipping point : |
| 245 #0 - TITLE STATEMENT | |
| Remainder of title | how little things can make a big difference / |
| 245 #0 - TITLE STATEMENT | |
| Statement of responsibility, etc | Malcolm Gladwell. |
| 260 ## - PUBLICATION, DISTRIBUTION, ETC. (IMPRINT) | |
| Place of publication, distribution, etc | New York : |
| 260 ## - PUBLICATION, DISTRIBUTION, ETC. (IMPRINT) | |
| Name of publisher, distributor, etc | Back Bay books, |
| 260 ## - PUBLICATION, DISTRIBUTION, ETC. (IMPRINT) | |
| Date of publication, distribution, etc | 2000 |
| 300 ## - PHYSICAL DESCRIPTION | |
| Extent | 280 pages : |
| 300 ## - PHYSICAL DESCRIPTION | |
| Dimensions | 21 cm. |
| 500 ## - GENERAL NOTE | |
| General note | Includes bibliographical references and index. |
| 650 ## - SUBJECT ADDED ENTRY--TOPICAL TERM | |
| Topical term or geographic name as entry element | Causation (Social psychology). |
| 650 ## - SUBJECT ADDED ENTRY--TOPICAL TERM | |
| Topical term or geographic name as entry element | Social psychology. |
| 650 ## - SUBJECT ADDED ENTRY--TOPICAL TERM | |
| General subdivision | Contagion (Social psychology). |
| 650 ## - SUBJECT ADDED ENTRY--TOPICAL TERM | |
| General subdivision | Contect effects (Psychology). |
| Withdrawn status | Lost status | Damaged status | Home library | Current library | Shelving location | Date acquired | Total Checkouts | Full call number | Barcode | Date last seen | Price effective from | Koha item type |
|---|---|---|---|---|---|---|---|---|---|---|---|---|
| South Mansfield College | South Mansfield College | 01/20/2020 | MAIN HM 1033 .G53 2000 | SMC06350 | 06/01/2020 | 06/01/2020 |